Statistics for 100 villains Part 1

Click here to take the quiz!

General Stats

  • This quiz has been taken 46 times
  • The average score is 17 of 36

Answer Stats

Answer% Correct
The Predator
95%
The Terminator
90%
Beetlejuice
86%
Darth Vader
86%
Cruella De Vil
81%
Green Goblin
81%
Thanos
81%
Dr. Evil
76%
Norman Bates
71%
Voldemort
71%
Jack Torrance
67%
Sauron
67%
Tyler Durden
67%
HAL 9000
62%
Jason Voorhees
57%
Smaug
57%
Saruman
52%
Khan
48%
Biff Tannen
43%
Keyser Söze
43%
Ultron
43%
Imhotep
24%
Oogie Boogie
24%
William Afton
24%
Audrey II
19%
Jim Moriarty
19%
Lt. Einhorn/Ray Finkle
19%
Bolg
14%
Col. Jessup
14%
Gorn
14%
Gozer
14%
Mr. Boddy
14%
The Ritual Master
14%
Chop Top Sawyer
10%
Old Iron Face
10%
One Armed Man
10%

Score Distribution

Percentile by Number Answered

Percent of People with Each Score

Your Score History

You have not taken this quiz